Arcs de One Piece par image - Statistiques

Statistiques générales
  • Ce quiz a été pris 144 fois
  • Le résultat moyen est 21 sur 29
Statistiques - réponses
Par images Réponse % Correct
Enies Lobby
96%
Marineford
96%
Pays des Wa
93%
Arlong Park
88%
Zou
88%
Amazon Lily
85%
Alabasta
84%
Îls des Hommes-Poissons
81%
Skypiea
80%
Baratie
79%
Impel Down
79%
Dressrosa
78%
Whole Cake
78%
Punk Hazard
77%
Egg Head
76%
Sabaody
75%
Royaume de Drum
74%
Thriller Bark
74%
Logue Town
71%
Rêverie
71%
Water Seven
68%
Jaya
66%
Little Garden
62%
Village de Sirop
57%
Ville d'Orange
51%
Romance Dawn
47%
Reverse Mountain
43%
Long Ring Long Land
42%
Whiskey Peak
39%
Aucun quiz correspondant
Distribution des résultats
% des personnes avec chaque résultat
Percentile par nombre de réponses
Votre historique - résultats
Vous n’avez pas pris ce quiz